| Tag |
First Indicator |
Second Indicator |
Subfields |
| LEADER |
00000cam a2200000 4500 |
| 001 |
in00000714021 |
| 005 |
20151016063218.0 |
| 008 |
730717c19651964ilub 00000 eng u |
| 010 |
|
|
|a 64014796
|
| 035 |
|
|
|a (OCoLC)00656861
|
| 035 |
|
|
|9 ADD6459AM
|
| 040 |
|
|
|c XAV
|d TXA
|d UtOrBLW
|
| 049 |
|
|
|a TXAM
|c [410645]
|
| 050 |
|
0 |
|a E165
|b .C668
|
| 092 |
|
|
|a 917.3
|b C654y
|
| 100 |
1 |
|
|a Cobbett, William,
|d 1763-1835.
|
| 245 |
1 |
2 |
|a A year's residence in the United States of America :
|b treating of the face of the country, the climate, the soil, the products, the mode of cultivating the land, the prices of land, of labour, of food, of raiment; of the expenses of housekeeping, and of the usual manner of living; of the manners and customs of the people; and of the institutions of the country, civil, political, and religious.
|
| 264 |
|
1 |
|a Carbondale :
|b Southern Illinois Univ. Press,
|c [1965]
|
| 264 |
|
4 |
|c [©1964]
|
| 300 |
|
|
|a 338 pages :
|b color map. ;
|c 26 cm.
|
| 336 |
|
|
|a text
|b txt
|2 rdacontent
|
| 337 |
|
|
|a unmediated
|b n
|2 rdamedia
|
| 338 |
|
|
|a volume
|b nc
|2 rdacarrier
|
| 490 |
1 |
|
|a Centaur classics
|
| 500 |
|
|
|a "Mr. Hulme's journal, made during a tour in the western countries of America, in which tour he visited Mr. Birkbeck's settlement": pages 253-283.
|
| 650 |
|
0 |
|a Agriculture
|z United States.
|
| 651 |
|
0 |
|a United States
|v Aerial views.
|
| 651 |
|
0 |
|a United States
|x Social life and customs.
|
| 651 |
|
0 |
|a United States
|v Pictorial works.
|
| 700 |
1 |
|
|a Hulme, Thomas.
|t Journal of a tour in the western countries of America.
|
| 830 |
|
0 |
|a Centaur classics.
|
| 999 |
|
|
|a MARS
|
| 999 |
f |
f |
|s 4fb0b86b-0e8a-3d3e-8315-9264c1ef52ad
|i 1a31b02f-455a-309e-a885-7ca64bb1616f
|t 0
|
| 952 |
f |
f |
|p ric
|a Texas A&M University
|b Rellis Campus
|c Joint Library Facility
|d Remote Storage
|t 0
|e E165 .C668
|h Library of Congress classification
|i unmediated -- volume
|m A14801430629
|
| 998 |
f |
f |
|a E165 .C668
|t 0
|l Remote Storage
|